000 00939nam a22001937a 4500
999 _c64157
_d64157
003 Ge_BSU
005 20260422145506.0
008 260422s1962 ge ||||| |||| 00| 0 geo d
041 _ageo
080 _a658.152 ს-70
100 _aსოსელია, ს.
_9738
245 _aსოციალისტური მრეწველობის ძირითადი ფონდები :
_b(საქ. სსრ მრეწველობის მაგალითზე) /
_cს. სოსელია.
264 _aთბილისი :
_bსაბჭ. საქართველო,
_c1962.
300 _a60 გვ. ;
_b19 სმ.
504 _aბიბლიოგრ. შენიშვნებში.
653 _aსაქართველოს მრეწველობა
653 _aმრეწველობის ძირითადი ფონდები
942 _2udc
_cᲬᲘᲒᲜᲘ